Araminta Station /

Bibliographic Details
Main Author: Vance, Jack, 1916-2013
Format: Book
Language:English
Published: New York, N.Y. : TOR, [1988]
Series:Vance, Jack, 1916-2013. Cadwal chronicles ; bk. 1.

MARC

Tag First Indicator Second Indicator Subfields
LEADER 00000cam a2200000 a 4500
001 in00000026737
005 20151007054529.0
008 880427s1988 nyu 00011 eng d
010 |z 87050878  
020 |a 0312930445 :  |c $19.95 
035 |a (OCoLC)17859091 
035 |9 AAB5396AM 
040 |a MPI  |c MPI  |d IXA  |d TXA  |d UtOrBLW 
049 |a TXAM  |c [A11098013] 
050 4 |a PS3572.A424  |b A89 1988b 
100 1 |a Vance, Jack,  |d 1916-2013. 
245 1 0 |a Araminta Station /  |c Jack Vance. 
264 1 |a New York, N.Y. :  |b TOR,  |c [1988] 
264 4 |c ©1988 
300 |a 554 pages ;  |c 25 cm. 
336 |a text  |b txt  |2 rdacontent 
337 |a unmediated  |b n  |2 rdamedia 
338 |a volume  |b nc  |2 rdacarrier 
490 1 |a First volume of The Cadwal Chronicles 
500 |a "A Tor book." 
800 1 |a Vance, Jack,  |d 1916-2013.  |t Cadwal chronicles ;  |v bk. 1. 
999 |a MARS 
999 f f |s c9925fb8-fb22-3047-84ae-bece9e1a362a  |i f8262220-6ca3-3619-8998-7869bd07991e  |t 0 
952 f f |p ric  |a Texas A&M University  |b Rellis Campus  |c Joint Library Facility  |d Remote Storage  |t 0  |e PS3572.A424 A89 1988b  |h Library of Congress classification  |i unmediated -- volume  |m A14811098013 
998 f f |a PS3572.A424 A89 1988b  |t 0  |l Remote Storage